Analysis, applications, and computations proceedings of the 13th ISAAC Congress, Ghent, Belgium, 2021

Bibliographic Details
Corporate Author: International Society for Analysis, its Applications and Computation (Author)
Other Authors: Kähler, Uwe (Editor, Author of introduction, etc.), Reissig, Michael (Editor, Author of introduction, etc.), Sabadini, Irene (Editor, Author of introduction, etc.), Vindas, Jasson (Editor, Author of introduction, etc.)
Format: Book
Language:English
PhysicalDescription:xi, 723 strán grafy, tabuľky, ukážky, vzorce 24 cm
Published: Cham Birkhäuser Springer Nature Switzerland AG [2023]
ISBN:9783031363740
9783031363757
ISSN:2297-0215
2509-7407
Series:Trends in Mathematics
Research Perspectives
Subjects:

MARC

LEADER 00000cam a2200000 4500
001 vtls012267408
003 SK-MaSNL
005 20260420093847.0
008 241125s2023 sz al f n 100 0 eng
015 |a SNBZSA2026/04 
020 |a 9783031363740  |q (brožované) 
020 |a 9783031363757  |q (eBook) 
022 |a 2297-0215 
022 |a 2509-7407 
040 |a SNK  |b slo  |c SNK  |e rda 
041 0 |a eng 
044 |a sz  |c CH 
072 7 |a 517  |x Matematická analýza  |2 konspekt 
080 |a 517  |2 2011 
080 |a (062.534)  |2 2011 
110 2 |a International Society for Analysis, its Applications and Computation  |n (13th :  |d 2021 &.  |c Ghent, Belgicko)  |4 aut  |9 596063 
245 1 0 |a Analysis, applications, and computations  |b proceedings of the 13th ISAAC Congress, Ghent, Belgium, 2021  |c Uwe Kähler, Michael Reissig, Irene Sabadini, Jasson Vindas, editors 
264 1 |a Cham  |b Birkhäuser  |b Springer Nature Switzerland AG  |c [2023] 
264 4 |c ©2023 
300 |a xi, 723 strán  |b grafy, tabuľky, ukážky, vzorce  |c 24 cm 
336 |a text  |b txt  |2 rdacontent 
337 |a bez média  |b n  |2 rdamedia 
338 |a zväzok  |b nc  |2 rdacarrier 
490 1 |a Trends in Mathematics 
490 1 |a Research Perspectives 
504 |a Obsahuje bibliografiu 
650 0 7 |a matematická analýza  |2 SNKPH  |9 1102 
650 0 7 |a Mathematical analysis  |2 SNKPHeng  |9 276992 
655 7 |a zborníky konferencií  |2 SNKPH  |9 70153 
655 7 |a Proceedings of conferences  |2 SNKPHeng  |9 265791 
700 1 |a Kähler, Uwe  |4 edt  |4 aui  |9 596064 
700 1 |a Reissig, Michael  |4 edt  |4 aui  |9 513023 
700 1 |a Sabadini, Irene  |4 edt  |4 aui  |9 513024 
700 1 |a Vindas, Jasson  |4 edt  |4 aui  |9 596065 
830 0 |a Trends in Mathematics  |9 513026 
830 0 |a Research Perspectives  |9 513027 
852 |a Slovenská národná knižnica 
919 |a 978-3-031-36374-0 
919 |a 978-3-031-36375-7 
954 |a odborná, vedecká literatúra cudzojazyčná (svetová)  |2 lita 
954 |a odborná, vedecká literatúra pôvodná (slovenská)  |2 lita 
958 |a NB 
958 |a ZS 
999 |c 916521  |d 918451 
952 |a SNK  |b SNK  |y NEVYP  |7 1  |p 17A1578086  |o snkSC 213396  |i snk2026/750  |8 4  |g 219.99  |0 0  |1 0  |4 0  |d 2024-11-25  |l 0  |r 2026-02-24 08:02:49  |w 2026-02-24